000 00610cam a22002293a 4500
001 14255
003 PGUSA
005 20140828083315.0
008 041204s2004||||xxu|||||s|||||000 | eng d
040 _aPGUSA
_beng
042 _adc
050 4 _aPN
100 1 _aHaultain, Arnold,
_d1857-1941
245 1 0 _aHints for Lovers
_h[electronic resource] /
_cArnold Haultain
260 _bProject Gutenberg,
_c2004
506 _aPublic domain in the USA.
516 _aElectronic text
653 _aLove
830 0 _aProject Gutenberg
_v14255
856 4 0 _uhttp://www.gutenberg.org/ebooks/14255
942 _cEB
999 _c243510
_d243510